000 00816nam a22002657a 4500
003 CHAP
005 20220817041959.0
008 971013s1955 r 00010 d
010 _a30793
011 _a31765
035 _a35877
040 _cCHAP
082 _a331.761
_bN38
110 _aNational Manpower Council
_980362
245 _aImproving the work skills of the nation ; proceedings of a conference on skilled manpower...
260 _aNew York :
_bColumbia University Press,
_c1955
300 _a203 p.
590 _aBATCH-UPD
_b10
_c20130110
_lUCH01
_h1938
590 _aCONVERSION
_b10
_c20130109
_lUCH01
_h1317
650 1 4 _aMano de obra.
_970527
650 1 4 _aTrabajo y trabajadores.
901 _aBK
942 _cLIBRO
949 _a331.761 N38
_bBC
_cLIBRO
_d33724000325528
_eLIBRO
_h13421
_i35877
_si
999 _c30793
_d30793